000 02593cam a2200361 a 4500
001 855036
003 OCoLC
005 20250626123703.0
007 ta
008 730808s1974 miu b 001 0 eng
020 _a9780802825025
020 _a0802825028
035 _a(OCoLC)855036
_z(OCoLC)987476
_z(OCoLC)48619941
_z(OCoLC)54771117
_z(OCoLC)615830641
_z(OCoLC)789393918
_z(OCoLC)814403612
_z(OCoLC)918990609
_z(OCoLC)954753075
_z(OCoLC)970815637
_z(OCoLC)1021304132
_z(OCoLC)1056587219
040 _aDLC
_beng
_cDLC
_dNLGGC
_dBTCTA
_dLVB
_dYDXCP
_dOCLCG
_dAU@
_dYBM
_dPB7
_dWY@
_dCBF
_dBAKER
_dSINLB
_dOCLCQ
_dCOC
_dBDX
_dEUM
_dOCLCA
_dHNW
_dOCLCA
_dOCLCF
_dOCLCQ
_dLMR
_dSE4M6
_dRCT
_dDHA
_dOCLCQ
_dYBM
_dBRL
_dQGE
_dOCLCQ
_dKFH
_dSGB
_dCIRBC
082 0 0 _a225.77
_bNEW
082 0 0 _a226.3077
_220
092 0 _fR
_a220.77
_bN53234
245 1 4 _aThe Gospel according to Mark :
_bthe English text with introduction, exposition, and notes /
_cby William L. Lane.
260 _aGrand Rapids, Michigan :
_bWilliam B. Eerdmans Publishing Co.,
_c℗♭1974.
300 _axvi, 652 pages ;
_c23 cm.
336 _atext
_btxt
_2rdacontent
337 _aunmediated
_bn
_2rdamedia
338 _avolume
_bnc
_2rdacarrier
490 _aThe new international commentary on the New Testament.
_vv. 2
504 _aIncludes bibliographical references.
505 0 _aEditor's foreword -- Author's preface -- Introduction. A new direction for Marcan studies -- The tradition concerning the Gospel -- The life situation that occasioned the Gospel -- The date of the Gospel -- The author of the Gospel -- The place of composition -- Some considerations on style and literary method -- Analysis of the Gospel According to Mark -- Select bibliography -- Text, exposition and notes. Chapters 1-8 -- Son of Man in Mark -- Chapters 9-16 -- Additional note on repentance in the rabbinic literature -- Additional note on the supplementary endings to the Gospel -- Additional note on the theology of the Freer Logion.
505 0 _aA new direction for Marcan studies -- The tradition concerning the Gospel -- The life situation that occasioned the Gospel -- The date of the Gospel -- The author of the Gospel -- The place of composition -- Some considerations on style and literary method -- Analysis of the Gospel according to Mark.
630 0 0 _aBible.
_pMark
_vCommentaries.
_93107
655 7 _aCommentaries.
_2fast
_0(OCoLC)fst01423723
_9875
700 1 _aLane, William L.,
_d1931-
_912175
776 0 8 _iOnline version:
_aBible. N.T. Mark. English. 1974.
_tGospel according to Mark.
_dGrand Rapids, Eerdmans [1974]
_w(OCoLC)707603827
942 _2ddc
_cREF
999 _c9396
_d9396